| Tag |
First Indicator |
Second Indicator |
Subfields |
| LEADER |
00000cam a22000008a 4500 |
| 001 |
in00000018282 |
| 005 |
20151007053211.0 |
| 008 |
880127s1988 ne a b 10100 eng |
| 010 |
|
|
|a 88003064
|
| 020 |
|
|
|a 9027726884
|
| 035 |
|
|
|a (OCoLC)17476935
|
| 035 |
|
|
|9 AAB0769AM
|
| 040 |
|
|
|a DLC
|c DLC
|d TXA
|d UtOrBLW
|
| 049 |
|
|
|a TXAM
|c [A11071320]
|
| 050 |
0 |
0 |
|a QC176.8.S8
|b N39 1987
|
| 082 |
0 |
|
|a 530.4/1
|2 19
|
| 111 |
2 |
|
|a NATO Advanced Study Institute on the Time Domain in Surface and Structural Dynamics
|d (1987 :
|c Il Ciocco, Italy)
|
| 245 |
1 |
4 |
|a The time domain in surface and structural dynamics /
|c edited by Gary J. Long and Fernande Grandjean.
|
| 263 |
|
|
|a 8801
|
| 264 |
|
1 |
|a Dordrecht ;
|a Boston :
|b Kluwer Academic Publishers ;
|c [1988]
|
| 264 |
|
2 |
|a Norwell, MA, U.S.A. :
|b Sold and distributed by Kluwer Academic Publishers,
|
| 264 |
|
4 |
|c ©1988
|
| 300 |
|
|
|a xvi, 590 pages :
|b illustrations
|
| 336 |
|
|
|a text
|b txt
|2 rdacontent
|
| 337 |
|
|
|a unmediated
|b n
|2 rdamedia
|
| 338 |
|
|
|a volume
|b nc
|2 rdacarrier
|
| 490 |
1 |
|
|a NATO ASI series. Series C, Mathematical and physical sciences ;
|v vol. 228
|
| 500 |
|
|
|a "Proceedings of the NATO Advanced Study Institute on the Time Domain in Surface and Structural Dynamics, Il Ciocco, Italy, June 15-26, 1987"- -Title page verso.
|
| 500 |
|
|
|a "Published in cooperation with NATO Scientific Affairs Division."
|
| 504 |
|
|
|a Includes bibliographies and indexes.
|
| 650 |
|
0 |
|a Solids
|x Surfaces
|v Congresses.
|
| 650 |
|
0 |
|a Structural dynamics
|v Congresses.
|
| 650 |
|
0 |
|a Time-domain analysis
|x Congresses.
|
| 650 |
|
0 |
|a Nuclear magnetic resonance spectroscopy
|v Congresses.
|
| 700 |
1 |
|
|a Long, Gary J.,
|d 1941-
|
| 700 |
1 |
|
|a Grandjean, Fernande,
|d 1947-
|
| 710 |
2 |
|
|a North Atlantic Treaty Organization.
|b Scientific Affairs Division.
|
| 830 |
|
0 |
|a NATO ASI series.
|n Series C,
|p Mathematical and physical sciences ;
|v no. 228.
|
| 999 |
|
|
|a MARS
|
| 999 |
f |
f |
|s 025e88f8-0dc0-38a8-a501-bde9c048a79f
|i 07e0ce4e-613e-36ca-9dad-cc66e915bec0
|t 0
|
| 952 |
f |
f |
|p ric
|a Texas A&M University
|b Rellis Campus
|c Joint Library Facility
|d Remote Storage
|t 0
|e QC176.8.S8 N39 1987
|h Library of Congress classification
|i unmediated -- volume
|m A14811071320
|
| 998 |
f |
f |
|a QC176.8.S8 N39 1987
|t 0
|l Remote Storage
|